| 000 | 00495nam a2200157 i 4500 | ||
|---|---|---|---|
| 001 | 58147 | ||
| 003 | ES-MaACL | ||
| 005 | 20230906163734.0 | ||
| 007 | t| | ||
| 008 | 031021s1930 fr ||||1| fre d | ||
| 100 | 1 |
_aDupriez, Léon H. _946121 |
|
| 245 | 1 | 4 |
_aLes méthodes d'analyse de la conjuncture économique et leur application a l'économie belge depuis 1897 / _cpar Léon H. Dupriez. |
| 260 |
_aLouvain : _bTroiss Rois, _c1930. |
||
| 300 |
_a282 p. ; _c27 cm. |
||
| 852 |
_aES-MaACL _jA-844 |
||
| 999 |
_c58147 _d58147 |
||